Statystyki dla Wszystkie wygrane mecze Wysp Owczych

Kliknij tutaj aby rozwiązać quiz!

Ogólne statystyki

  • Ten quiz został rozwiązany 46 razy
  • Średni wynik to 24 z 36

Statystyki odpowiedzi

RokWynikReprezentacja% Poprawnych
19953–0San Marino
90%
19953–1San Marino
90%
20202-0Andora
85%
20201-0Andora
85%
20171-0Andora
85%
20183-1Liechtenstein
78%
20001–0Liechtenstein
78%
20215-1Liechtenstein
78%
20163-2Liechtenstein
78%
20021–0Liechtenstein
78%
20023–1Liechtenstein
78%
20044–2Luksemburg
78%
20011-0Luksemburg
78%
20221-0Luksemburg
78%
20012-0Luksemburg
78%
20162-0Łotwa
68%
20183-1Malta
68%
20191–0Malta
68%
20203-2Malta
68%
20043–2Malta
68%
19972–1Malta
68%
19972–1Malta
68%
20212-1Mołdawia
68%
19972-0Estonia
66%
20112–0Estonia
66%
20144-1Gibraltar
66%
20092–1Litwa
63%
20222-1Litwa
63%
20092-1Islandia
59%
20141-0Grecja
51%
20152-1Grecja
51%
20222-1Turcja
49%
19901-0Austria
37%
20032–1Kazachstan
29%
20033–2Kazachstan
29%
19891–0Kanada
15%

Rozkład punktacji

Percentyl według liczby udzielonych odpowiedzi

Procent ludzi z każdym wynikiem

Twoja historia wyników

Nie rozwiązałeś tego quizu